• 首页
  • 本馆介绍
  • 公告通知
  • 最新文献
  • 馆藏检索
  • 电子资源
  • 读者导购
  • 参考咨询
  • 我的图书馆
  • 登录
  • 详细信息显示
  • 放入我的书架
  • 预约/预借图书
  • 作者相关作品
  • 分类相关作品
  • 丛书相关作品
  • 出版社相关作品

书目信息

  • 表格格式
  • 工作单格式
  • 卡片格式
题名:
简明政治经济学辞典
    
 
作者: 许涤新 编
分册:  
出版信息: 北京   人民出版社  1983
页数: 549页
开本: 19cm
丛书名:
单 册:
中图分类: F0-61
科图分类:
主题词: 政治经济学--词典 , 政治经济学
电子资源:
ISBN:
000 00713nam0 2200253 45
001 0183003240
005 20070731144031.59
010    @b平装@dCNY1.45
091    @a4001.420
100    @a19950703d1983 em y0chiy0121 ea
101 0  @achi
102    @aCN@b110000
105    @ay e 000yy
200 10 @a简明政治经济学辞典@Ajian ming zheng zhi jing ji xue ci dian@f许涤新编
210    @a北京@c人民出版社@d1983
215    @a549页@d19cm
517 1  @a政治经济学辞典@Azheng zhi jing ji xue ci dian
606    @a政治经济学@x词典
606 0  @a政治经济学
690    @aF0-61@v3
701  0 @a许涤新@Axu di xin@4编
801  2 @aCN@bNLC@c20070731
801  0 @aCN@b上海图书馆@c20070711
905    @dF0-61@e37@f1@b89299
    
    简明政治经济学辞典/许涤新编.-北京:人民出版社,1983
    549页;19cm
    
    
    ISBN (平装):CNY1.45
    
●
相关链接 在E读中查询图书 在五车中查询图书 在当当中查询图书 在豆瓣中查询图书


正题名:简明政治经济学辞典     索取号:F0-61/37         预约/预借

序号 登录号 条形码 馆藏地/架位号 状态 备注
1 0089296   001854247   密集书库/ [索取号:F0-61/37] 在馆    
2 0089298   001266409   第一样本阅览室/ [索取号:F0-61/37] 在馆    
3 0089299   001266392   第一借阅区/ [索取号:F0-61/37] 在馆    
4 0766053   207660538   密集书库/ [索取号:F0-61/37] 在馆    
5 0768267   207682676   密集书库/ [索取号:F0-61/37] 在馆    
6 0790304   207903045   密集书库/ [索取号:F0-61/37] 在馆    
唐山师范学院图书馆 欢迎您!
大连网信软件有限公司© 版权所有